00314nam a2200121Ia 450000500170000000800410001710000200005824500450007825000080012326000430013130000100017465000080018420260415145212.0191201s2007 xx 000 0 und d aMaheshwari, S K 2aA Text Book of Accounting for Management a1st c2007bVikas Publication HouseaN.Delhi a4.302 aMBA